00933nam a2200277 a 450000100060000000300080000600500170001400800410003102000150007203500190008704000230010604100080012908200200013710000290015724500750018625000120026126000360027330000340030950000530034350400510039665000280044770000330047594200120050899900170052095201180053742802BD-RjUL20211209053608.0160615s1982 nyua b 001 0 eng  a0070715831 a(BD-RjUL)42920 aDLCcDLCdDLCbeng aeng00a338.5bWOI 19821 aWonnacott, Paul.913128013aAn introduction to microeconomics /cPaul Wonnacott, Ronald Wonnacott. a2nd ed. aNew York :bMcGraw-Hill,cc1982 axxv, 552 p. :bill. ;c24 cm. aChapters 1-6 and 7-23 of the authors' Economics. aIncludes bibliographical references and index. 0aMicroeconomics.91315311 aWonnacott, Ronald J.9131282 2ddccBK c42802d42802 00102ddc40708NFICaRUCLbRUCLcStackd1990-08-25l0o338.5 WOI 1982r2016-06-15 00:00:00tC-2w2016-06-15yBK